In memoriam Angel del Río (Record no. 146911)

MARC details
000 -LEADER
campo de control de longitud fija 00667nam a2200205 i 4500
001 - NÚMERO DE CONTROL
campo de control 146911
003 - IDENTIFICADOR DE NÚMERO DE CONTROL
campo de control ES-MaACL
005 - FECHA Y HORA DE LA ÚLTIMA TRANSACCIÓN
campo de control 20250905133545.0
007 - CAMPO FIJO DE DESCRIPCIÓN FÍSICA--INFORMACIÓN GENERAL
campo de control de longitud fija t|
008 - DATOS DE LONGITUD FIJA--INFORMACIÓN GENERAL
campo de control de longitud fija 070919s1962 sp ||||1| spa d
100 1# - ENTRADA PRINCIPAL--NOMBRE DE PERSONA
Nombre de persona Tudela de la Orden, José.
9 (RLIN) 111634
245 10 - MENCIÓN DEL TÍTULO
Título In memoriam Angel del Río
Resto del título : (1901-1962) /
Mención de responsabilidad, etc. José Tudela.
260 ## - PUBLICACIÓN, DISTRIBUCIÓN, ETC.
Lugar de publicación, distribución, etc. Soria :
Nombre del editor, distribuidor, etc. Centro de Estudios Sorianos,
Fecha de publicación, distribución, etc. 1962.
300 ## - DESCRIPCIÓN FÍSICA
Extensión 3 h. ;
Dimensiones 23 cm.
500 ## - NOTA GENERAL
Nota general Es tirada aparte de Celtiberia nº 24 pág. 291-296.
600 14 - PUNTO DE ACCESO ADICIONAL DE MATERIA--NOMBRE DE PERSONA
Nombre de persona Río, Ángel del,
Fechas asociadas al nombre 1900-1962
9 (RLIN) 97297
710 2# - ENTRADA AGREGADA--NOMBRE DE ENTIDAD CORPORATIVA
Nombre de entidad corporativa o nombre de jurisdicción como elemento de entrada Centro de Estudios Sorianos.
9 (RLIN) 2676
852 ## - LOCALIZACIÓN
Ubicación ES-MaACL
Número de control de estantería 2036-F-15
Sublocalización o colección R.51389
Holdings
Estatus retirado Estado de pérdida Estado de daño No para préstamo Colección Biblioteca de origen Biblioteca actual Ubicación en estantería Fecha de adquisición Fuente de adquisición Total de préstamos Signatura topográfica completa Código de barras Visto por última vez Precio de reemplazo Tipo de ítem Koha
        Colección de folletos Biblioteca del Ateneo de Madrid Biblioteca del Ateneo de Madrid Depósito folletos 17/01/2008     2036-F-15 1153323 23/02/2023 23/02/2023 Folleto